Normal view
MARC view
Entry Personal Name
001 - CONTROL NUMBER
- control field: 5612
003 - CONTROL NUMBER IDENTIFIER
- control field: ARRUPE
005 - DATE AND TIME OF LATEST TRANSACTION
- control field: 20131213104231.0
008 - FIXED-LENGTH DATA ELEMENTS
- fixed length control field: 131213|| aca||aabn | a|a d
040 ## - CATALOGING SOURCE
- Original cataloging agency: ARRUPE
- Transcribing agency: ARRUPE
100 ## - HEADING--PERSONAL NAME
- Personal name: Linsenbard, Gail Evelyn.
670 ## - SOURCE DATA FOUND
- Source citation: Work cat.: (ARRUPE)0: Linsenbard, Gail Evelyn., Starting with Sartre /, 2010.